Paimpol - Choix Multiples - Statistiques

Statistiques générales
  • Ce quiz a été pris 22 fois
  • Le résultat moyen est 6 sur 10
Statistiques - réponses
Question Réponse % Correct
Festivale qui à lieu tout les 2 ans au port de Paimpol, membre de la charte Ya d'ar breizhoneg Festival du chant marin
76%
Quel image montre l'Abbaye de Beauport à Paimpol ?
71%
Île/Archipel situé/e au large de Paimpol connu/e pour son phare en granite rose Brehat
67%
Quel est le nom de Paimpol en breton ? Pempoull
67%
Commentateur sportif de L'Équipe, connu pour ses réactions folle, natif de Paimpol Yoann Riou
67%
Quelle ancienne activité industrielle autre que la pêche et le coco, a aussi marqué l'histoire de Paimpol ? La construction naval
57%
Quelle espèce de poisson les pêcheurs de l'époque, allaient pêchés au large de l'Islande ? Morue
57%
Région histoirique, ancien pays breton (Bro) de Bretagne auquel appartient Paimpol Goëlo
52%
Qui a chanter la fameuse chanson "Paimpol et ses goélands" ? Théodore Botrel
52%
Quel label européen la filière "Coco de Paimpol" est-elle certifié ? AOP (Appellation d'Origine Protèger)
43%
Aucun quiz correspondant
Distribution des résultats
% des personnes avec chaque résultat
Percentile par nombre de réponses
Votre historique - résultats
Vous n’avez pas pris ce quiz